000 01280nam a22004097a 4500
001 0002584
003 KOHA_MİRAKIL
005 20260207001315.0
007 ta
008 090303b1986 tu |||gr||||#||||0|tur |
020 _cTL0,01
040 _aTR-BiSEU
_btur
_cTR-BiSEU
_erda
041 0 _atur
044 _ctu
050 _aKB3674
_b.B49 1986
100 1 _aBildirici, Ziyaettin.
245 1 _aTicari işletmelerin hukuki yapısı üzerinde vergilerin etkileri/
_cZiyaettin Bildirici ; Ziyaettin Bildirici.
264 1 _aEskişehir :
_bAnadolu Üniversitesi
_c1986
300 _aXI, 242 sayfa
336 _ametin
_btxt
_2rdacontent
337 _aaracısız
_bn
_2rdamedia
338 _acilt
_bnc
_2rdacarrier
490 1 _aT.C.
490 1 _aAnadolu Üniversitesi yayınları ;
_vno.
490 1 _a177.
490 1 _aİktisadi İdari Bilimler Fakültesi yayınları ;
_vno.
490 1 _a41
500 _aKaynakça var.
650 0 _aİşletme vergiciliği.
_97105
650 0 _aİşletme vergiciliği Türkiye.
_97106
830 1 _aT.C.
_96297
830 1 _aAnadolu Üniversitesi yayınları ;
_vno.
_97107
830 1 _a177.
_97108
830 1 _aİktisadi İdari Bilimler Fakültesi yayınları ;
_vno.
_97109
830 1 _a41
_95327
942 _2lcc
_cBK
999 _c2571
_d2571